000 00726nam a2200169 4500
005 20260327221316.0
008 -
020 _a9789968589284
040 _aBiblioteca LadoV Teorética
_cBiblioteca LadoV Teorética
_erda
082 0 4 _aCR 759.972 86
_bC512a
100 1 _aChavarría Zamora, María José
_9505
245 1 0 _aValle oscuro :
_bAdrián Arguedas Ruano /
_cMaría José Chavarría Zamora, editora; Prologo de Esteban Calvo Campos; Fotografías Tiffany Fernández Estrada y María Lourdes Robert Montes de Oca.
260 _aCosta Rica :
_bMuseo de Arte y Diseño Contemporáneo,
_c2024
300 _a168 páginas :
_bfotografías a color ;
_c21,59 x 27,94 cm.
650 4 _aPINTORES COSTARRICENSES
942 _2ddc
_c1
_n0
999 _c4628
_d4628